000 00540nam a22001937a 4500
003 dpl
005 20180718124115.0
008 180718b xxu||||| |||| 00| 0 eng d
020 _a8176489883
_c0.00
035 _aB-158784
040 _aDPL
_bEN
_c0
082 _a591
100 _aPandey, B N
245 _aAnimal sciences and environment issues/
_cby B N Pandey
260 _aNew Delhi
_bAPH Publishing corporation
_c2006
300 _axi;, 258p.:
_c21cm.
500 _aincludes index
942 _2ddc
_cEN
_h591
_mPAN
999 _c154258
_d154258